| 000 | 00532nam a2200193 a 4500 | ||
|---|---|---|---|
| 005 | 20210223120800.0 | ||
| 008 | 991125s1994 mad 000 0 spa u | ||
| 020 | _a8437237874 | ||
| 035 | _aUPN01000006993 | ||
| 049 | _aI | ||
| 050 | 4 |
_aAE61 _bB598 no.49 |
|
| 100 | 1 | _aGravett, Christopher | |
| 245 | 1 | 0 |
_aCastillos / _ctr. Alvaro Soler del Campo ; fot. Geoff Dan. |
| 260 |
_aMadrid : _bAltea, _c1994. |
||
| 300 |
_a64 p. : _bil. col. |
||
| 440 | 0 |
_aBiblioteca visual Altea ; _v49 |
|
| 650 | 4 |
_aCASTILLOS _96189 |
|
| 905 | _aInfantil | ||
| 999 |
_c6993 _d6993 |
||